00836nam a22002177a 4500952013300000999001700133003000800150005001700158008004100175040002300216041000800239082002200247100002300269245009900292260005300391300002800444490006600472650003600538700003100574942001300605 a0001b0001d2020-08-13l0o891.81 V26b 1980p019339r2020-08-13 00:00:00w2020-08-13xEmine Başak Alkan Bağışıdır.yBKS c13878d13878MIRAKIL20200813122915.0200813b tu ||||| |||| 00| 0 tur d aTR-AnCHPcTR-AnCHP atur a891.81bV26b 1980 aVaptsarov, Nicola  aBir hayat fabrikası kuracağız /cNikola Vaptsarov ; çeviren ve hazırlayan : Erdal Alova aİstanbul : bSanat Emeği Yayınları,c1980. a183 s.:bfotg.,c19 sm. aSanat Emeği yayınları ; aÖzel dizi/şiir ; v13.v1/7 096351aBulgar EdebiyatıxŞiir 96363aAlova, Erdaleçev. 2ddccBKS